Analýza profilu správania sa zákazníkov obchodných centier

Charakterizácia zmien v správaní zákazníkov súvisiacich práve s rozmachom obchodných centier, analýza profilu návštevníkov obchodných centier a vznik špecifického segmentu návštevníkov označovaných ako mall junkies. Typológia zákazníkov a nákupného správania. Obchodné centrá v SR.

Guardado en:
Detalles Bibliográficos
Autor principal: Lesáková, Dagmar, 1949-
Formato: Capítulo de libro
Lenguaje:eslovaco
Materias:
Etiquetas: Agregar Etiqueta
Sin Etiquetas, Sea el primero en etiquetar este registro!

MARC

LEADER 00000nla a2200000 4500
001 0175212
005 20240502073004.3
041 0 |a slo 
044 |a SK 
245 1 0 |a Analýza profilu správania sa zákazníkov obchodných centier  |c Dagmar Lesáková 
520 |a Charakterizácia zmien v správaní zákazníkov súvisiacich práve s rozmachom obchodných centier, analýza profilu návštevníkov obchodných centier a vznik špecifického segmentu návštevníkov označovaných ako mall junkies. Typológia zákazníkov a nákupného správania. Obchodné centrá v SR. 
610 2 0 |a zákazníci 
610 2 0 |a spotrebitelia 
610 2 0 |a typológia 
610 2 0 |a správanie spotrebiteľa 
610 2 0 |a centrá obchodné 
100 1 |a Lesáková, Dagmar, 1949-